000 01104nam a2200337 i 4500
001 106085
003 ES-MaACL
005 20250727033926.0
007 t|
008 060925s1969 fr ||||1| fre d
080 _a327.323.31
080 _a330.85
080 _a329(47)KPSS
080 _a330.85(510)
100 1 _aTrotsky, Leon,
_d1879-1940
_9240350
245 1 2 _aL'International communiste après Lénine ou Le grand organisateurs des défaites /
_cpar Léon Trotsky ; notes et index de Pierre Frank.
250 _a1er. ed.
260 _aParis :
_bPresses Universitaires de France,
_c1969.
300 _a596 p. ;
_c18 cm.
490 1 _aA la pensée ;
_v8
500 _aBiblioteca Juan Andrade.
500 _aEs el tomo 2º.
610 2 4 _aInternacional Comunista
_95260
610 2 7 _aKommunisticheskaia partiia Sovetskogo Soiuza.
_95439
650 7 _aComunismo
_2embne
_911211
650 4 _aComunismo-
_zChina.
_911215
700 1 _aFrank, Pierre.
_952311
830 0 _aA la pensée ;
_v8
_9185159
852 _aES-MaACL
_jAND-811
_bR.110103
999 _c106085
_d106085